| 000 | 00713nam a2200241 a 4500 | ||
|---|---|---|---|
| 001 | BRL_1218 | ||
| 005 | 20190320211105.0 | ||
| 008 | 021213s1946----mx-#######---#000-0#spa-# | ||
| 041 | _aspa | ||
| 044 | _amx | ||
| 050 | 4 |
_aN6553 _b.A78 1946 |
|
| 110 | 2 |
_aInstituto Nacional de Antropología e Historia (México) _926159 |
|
| 245 | 1 | 0 | _aArte prehispánico de México |
| 260 |
_aMéxico D.F. _b[s.n.] _c1946 |
||
| 300 |
_axi, [106] p. _bil. _c24 cm. |
||
| 500 | _aAu1434 | ||
| 500 | _aPublicado en 1933 bajo el titulo: Monumentos prehispánicos de México | ||
| 650 | 1 | 4 |
_aArte _zMéxico _926160 |
| 650 | 1 | 4 |
_aArte primitivo _97001 |
| 650 | 1 | 4 |
_aArte indígena _zMéxico _9597 |
| 902 | _aGRL | ||
| 942 |
_2lcc _cB |
||
| 999 |
_c10030 _d10030 |
||